[Event "San Francisco TNM Summer op"]
[Site "San Francisco"]
[Date "2016.07.05"]
[Round "7"]
[White "Cunningham, Charles"]
[Black "Petty, Samuel Joseph"]
[Result "1-0"]
[WhiteElo "1416"]
[BlackElo "1718"]
[PlyCount "95"]
[EventDate "2016.05.24"]
[EventType "swiss"]
[EventRounds "8"]
[EventCountry "USA"]
[SourceTitle "EXT 2018"]
[Source "ChessBase"]
[SourceDate "2017.10.13"]
[SourceVersion "1"]
[SourceVersionDate "2017.10.13"]
[SourceQuality "1"]

1. e4 d6 2. Bc4 Nf6 3. d3 g6 4. h3 Bg7 5. Nf3 0-0 6. 0-0 c5 7. Nc3 a6 8. Bg5 b5 9. Bd5 Nxd5 10. Nxd5 Re8 11. c3 Bb7 12. Qb3 Nd7 13. d4 Nb6 14. Nxb6 Qxb6 15. dxc5 dxc5 16. Qc2 f6 17. Be3 Qc6 18. Nd2 e5 19. f3 c4 20. b4 Red8 21. a4 Rd3 22. axb5 axb5 23. Rxa8+ Bxa8 24. Bc5 Qd7 25. Ra1 Bc6 26. Nf1 Bf8 27. Bxf8 Kxf8 28. Qc1 Kg7 29. Qe1 Qe6 30. Ra6 Rd6 31. Qe3 Be8 32. Ra7+ Rd7 33. Ra8 Rd3 34. Qa7+ Qf7 35. Qa1 f5 36. exf5 gxf5 37. Qe1 Qe6 38. Ra7+ Kh8 39. Ra1 e4 40. fxe4 fxe4 41. Qf2 e3 42. Qf8+ Qg8 43. Qe7 Qf7 44. Qe5+ Kg8 45. Nxe3 Bc6 46. Rf1 Qg6 47. Qf4 Qe8 48. Ng4 1-0